| 000 | 00560nam a22001817a 4500 | ||
|---|---|---|---|
| 003 | OSt | ||
| 005 | 20231122114844.0 | ||
| 008 | 231122b |||||||| |||| 00| 0 eng d | ||
| 020 | _a9789553122582 | ||
| 040 |
_aLK-CoDNM _dLK-CoDNM _eLK-CoDNM |
||
| 041 | _asin | ||
| 080 |
_aX92 _bතිරාණ |
||
| 100 |
_aතිරාණගම,කල්යානන්ද _vThiranagama,kalyananda |
||
| 245 | _aතවමත් හමු නොවූ සාධාරණය සොයා | ||
| 260 |
_aNugegoda _bSarasavi _c2021 |
||
| 300 | _a552p;21cm | ||
| 942 |
_n0 _cBK |
||
| 999 |
_c143540 _d143540 |
||